[Event "Sarajevo Agentlocator"]
[Site "Sarajevo"]
[Date "2023.12.24"]
[Round "11"]
[White "Culum, Sanjin"]
[Black "Dizdarevic, Emir"]
[Result "1/2-1/2"]
[WhiteElo "2349"]
[BlackElo "2358"]
[PlyCount "88"]
[EventDate "2023.12.22"]
[EventType "tourn (rapid)"]
[EventRounds "11"]
[EventCountry "BIH"]
[EventCategory "6"]
[SourceTitle "CB52_2023"]
[SourceDate "2023.12.27"]
[SourceVersion "1"]
[SourceVersionDate "2023.12.27"]
[SourceQuality "1"]

1. e4 c5 2. Nf3 a6 3. c4 Nc6 4. d4 cxd4 5. Nxd4 e5 6. Nf5 d6 7. Nc3 g6 8. Ne3 Bh6 9. Nc2 Bxc1 10. Rxc1 Be6 11. Qd2 Nf6 12. Be2 0-0 13. 0-0 Rc8 14. Rfd1 Qb6 15. b3 Rfd8 16. Nd5 Bxd5 17. exd5 Ne7 18. Bd3 Kg7 19. Ne3 h5 20. h3 Neg8 21. Qb2 a5 22. a3 Nd7 23. b4 axb4 24. axb4 Ngf6 25. Qc3 Rc7 26. Qa3 Rcc8 27. Rb1 Ra8 28. Qc3 Rdc8 29. c5 dxc5 30. Nc4 Qc7 31. d6 cxb4 32. Qxb4 Qc6 33. Na5 Qc3 34. Qxc3 Rxc3 35. Nxb7 Ra2 36. Rbc1 Rxc1 37. Rxc1 Rd2 38. Bb5 Nf8 39. Rc7 Rd1+ 40. Kh2 Ne6 41. Bc4 Rxd6 42. Bxe6 Rxe6 43. Nd8 Rd6 44. Nxf7 Rd7 1/2-1/2

[Event "Sarajevo Agentlocator"]
[Site "Sarajevo"]
[Date "2023.12.23"]
[Round "7"]
[White "Dizdarevic, Emir"]
[Black "Sajin, Mirko"]
[Result "1-0"]
[WhiteElo "2358"]
[BlackElo "2299"]
[PlyCount "99"]
[EventDate "2023.12.22"]
[EventType "tourn (rapid)"]
[EventRounds "11"]
[EventCountry "BIH"]
[EventCategory "6"]
[SourceTitle "CB52_2023"]
[SourceDate "2023.12.27"]
[SourceVersion "1"]
[SourceVersionDate "2023.12.27"]
[SourceQuality "1"]

1. Nf3 Nf6 2. b3 d5 3. Bb2 Bf5 4. g3 e6 5. Bg2 Bd6 6. c4 0-0 7. 0-0 c6 8. d3 Nbd7 9. Na3 Qe7 10. Nc2 e5 11. cxd5 cxd5 12. Ne3 Be6 13. Ng5 Rac8 14. a3 h6 15. Nxe6 Qxe6 16. b4 b5 17. Qb3 d4 18. Nd5 Nb6 19. Nxf6+ Qxf6 20. Bh3 Rc7 21. Rac1 Na4 22. Rxc7 Bxc7 23. Rc1 Qd6 24. Bg2 Nxb2 25. Qxb2 Bb6 26. Bc6 a6 27. Bf3 Qb8 28. Bg4 f5 29. Qb3+ Kh8 30. Bh5 e4 31. Qe6 exd3 32. exd3 f4 33. Kg2 fxg3 34. hxg3 Qa8+ 35. Rc6 Rf6 36. Qc8+ Qxc8 37. Rxc8+ Kh7 38. Bf3 h5 39. Bxh5 a5 40. Rb8 axb4 41. axb4 Bc7 42. Rxb5 Bb6 43. Bf3 Kh6 44. Rh5+ Kg6 45. Rd5 Re6 46. Be4+ Kf6 47. f4 Ke7 48. Kf3 Rd6 49. Rb5 Kd7 50. Rg5 1-0

[Event "Sarajevo Agentlocator"]
[Site "Sarajevo"]
[Date "2023.12.23"]
[Round "6"]
[White "Maksimovic, Bojan"]
[Black "Dizdarevic, Emir"]
[Result "1/2-1/2"]
[WhiteElo "2497"]
[BlackElo "2358"]
[PlyCount "78"]
[EventDate "2023.12.22"]
[EventType "tourn (rapid)"]
[EventRounds "11"]
[EventCountry "BIH"]
[EventCategory "6"]
[SourceTitle "CB52_2023"]
[SourceDate "2023.12.27"]
[SourceVersion "1"]
[SourceVersionDate "2023.12.27"]
[SourceQuality "1"]

1. e4 g6 2. d4 Bg7 3. Nc3 d5 4. exd5 Nf6 5. Bc4 Nbd7 6. Nf3 Nb6 7. Bb3 a5 8. a4 0-0 9. 0-0 Nbxd5 10. Re1 b6 11. Nxd5 Nxd5 12. Bg5 Bb7 13. Qe2 Qd7 14. Rad1 Rae8 15. c3 f6 16. Bh4 e6 17. Bg3 Bh6 18. Bc4 Qf7 19. Bb5 Re7 20. c4 Nf4 21. Bxf4 Bxf4 22. d5 Bc8 23. c5 bxc5 24. Bc4 Bd6 25. dxe6 Qe8 26. b3 Bb7 27. Nd2 Qa8 28. Ne4 Bxe4 29. Qxe4 Qxe4 30. Rxe4 Kg7 31. g3 f5 32. Ree1 Kf6 33. Kg2 h5 34. h4 Rg8 35. f4 Rb8 36. Kf3 Rb4 37. Ke2 Re8 38. Kd3 Ke7 39. Kc2 Rf8 1/2-1/2

[Event "Hvar Arsenal blitz op 2nd"]
[Site "Hvar"]
[Date "2023.10.19"]
[Round "8"]
[White "Dizdarevic, Emir"]
[Black "Plenkovic, Zdenko"]
[Result "0-1"]
[WhiteElo "2430"]
[BlackElo "2370"]
[PlyCount "148"]
[EventDate "2023.10.19"]
[EventType "swiss (blitz)"]
[EventRounds "11"]
[EventCountry "CRO"]
[SourceTitle "Mega2024 Update 01"]
[Source "Chessbase"]
[SourceDate "2023.11.12"]
[SourceVersion "1"]
[SourceVersionDate "2023.11.12"]
[SourceQuality "1"]

1. Nf3 Nf6 2. g3 g6 3. b3 Bg7 4. Bb2 0-0 5. Bg2 c5 6. c4 d5 7. cxd5 Qxd5 8. 0-0 Qh5 9. Nc3 Nc6 10. Na4 Bh3 11. Nxc5 Bxg2 12. Kxg2 Qxc5 13. Rc1 Qd5 14. Rc4 Rfd8 15. Qc2 h5 16. d3 e5 17. Rc5 Qd7 18. Nxe5 Nxe5 19. Bxe5 Rac8 20. Bb2 Rxc5 21. Qxc5 Qd5+ 22. Qxd5 Nxd5 23. Bxg7 Kxg7 24. Rc1 Rd7 25. Rc5 Nb4 26. a3 Nc6 27. b4 Nd4 28. e3 Ne6 29. Rc3 Rc7 30. Rb3 g5 31. h3 Rc2 32. g4 hxg4 33. hxg4 Kf6 34. d4 Ke7 35. Kf3 Kd6 36. Rd3 Kd5 37. Rd1 Rc3 38. Rh1 Nxd4+ 39. Kg3 Ne6 40. Rh7 Rc7 41. Kf3 f6 42. Rh6 Ke5 43. Rh8 Rc3 44. Rh7 Nc7 45. a4 b6 46. a5 b5 47. Re7+ Kd6 48. Rf7 Ke6 49. Rh7 Rc4 50. Ke2 a6 51. Kd3 Nd5 52. Ra7 Nxb4+ 53. Ke2 Rc2+ 54. Kf3 Rc6 55. Ke4 Nd5 56. Rb7 Nc7 57. f4 gxf4 58. exf4 Rc4+ 59. Kf3 Kd7 60. Rb6 Rc6 61. g5 fxg5 62. fxg5 Rxb6 63. axb6 Ne6 64. g6 b4 65. Ke4 Kc6 66. Ke5 Ng7 67. Kf6 Nh5+ 68. Kg5 Ng7 69. Kf6 b3 70. Kxg7 b2 71. Kf8 b1Q 72. g7 Qf5+ 73. Ke8 Qe6+ 74. Kf8 Qf6+ 0-1

[Event "Hvar op"]
[Site "Hvar"]
[Date "2023.10.18"]
[Round "6"]
[White "Ozen, Deniz"]
[Black "Dizdarevic, Emir"]
[Result "1/2-1/2"]
[WhiteElo "2382"]
[BlackElo "2367"]
[PlyCount "39"]
[EventDate "2023.10.15"]
[EventType "swiss"]
[EventRounds "9"]
[EventCountry "CRO"]
[SourceTitle "Mega2024 Update 01"]
[Source "Chessbase"]
[SourceDate "2023.11.12"]
[SourceVersion "1"]
[SourceVersionDate "2023.11.12"]
[SourceQuality "1"]

1. e4 c6 2. d4 d5 3. Nc3 dxe4 4. Nxe4 Nf6 5. Nxf6+ exf6 6. Bc4 Na6 7. Nf3 Bd6 8. Qe2+ Qe7 9. Qxe7+ Kxe7 10. 0-0 Nc7 11. Re1+ Be6 12. Bxe6 fxe6 13. Bd2 Kf7 14. c4 c5 15. Rad1 Rhd8 16. Be3 cxd4 17. Nxd4 e5 18. Nb3 b6 19. c5 bxc5 20. Bxc5 1/2-1/2

[Event "Hvar op"]
[Site "Hvar"]
[Date "2023.10.16"]
[Round "3"]
[White "Dizdarevic, Emir"]
[Black "Zenelaj, Fisnik"]
[Result "1-0"]
[WhiteElo "2367"]
[BlackElo "1971"]
[PlyCount "90"]
[EventDate "2023.10.15"]
[EventType "swiss"]
[EventRounds "9"]
[EventCountry "CRO"]
[SourceTitle "Mega2024 Update 01"]
[Source "Chessbase"]
[SourceDate "2023.11.12"]
[SourceVersion "1"]
[SourceVersionDate "2023.11.12"]
[SourceQuality "1"]

1. Nf3 Nf6 2. g3 g6 3. b3 b5 4. c4 bxc4 5. bxc4 Bg7 6. Bb2 0-0 7. Bg2 Bb7 8. 0-0 d6 9. d3 Nbd7 10. Nc3 a5 11. Rb1 Ra6 12. e4 Qa8 13. Nd4 c6 14. Na4 e5 15. Nf3 Rb8 16. c5 Nxc5 17. Nxc5 dxc5 18. Bxe5 Rd8 19. Qb3 Bc8 20. Qc3 Ne8 21. Qxc5 Be6 22. Rb2 a4 23. d4 a3 24. Rc2 Bf8 25. Qc3 Nd6 26. Ng5 Qc8 27. Bxd6 Bxd6 28. e5 Be7 29. Nxe6 Qxe6 30. Bxc6 Rc8 31. d5 Qf5 32. Re2 h5 33. Kg2 Rb6 34. h4 Bxh4 35. Qxa3 Bg5 36. Qf3 Qxf3+ 37. Kxf3 Kf8 38. Kg2 Rcb8 39. f4 Bd8 40. a4 Rb4 41. f5 Rg4 42. fxg6 Rxg6 43. e6 Rb3 44. Rxf7+ Kg8 45. Rf3 Ra3 1-0

[Event "BIH-chT1 30th"]
[Site "Gorazde"]
[Date "2023.08.30"]
[Round "8.3"]
[White "Dizdarevic, Emir"]
[Black "Okicic, Nermin"]
[Result "1-0"]
[WhiteElo "2362"]
[BlackElo "2158"]
[PlyCount "93"]
[EventDate "2023.08.26"]
[EventType "team-tourn"]
[EventRounds "9"]
[EventCountry "BIH"]
[SourceTitle "EXT 2024"]
[Source "ChessBase"]
[SourceDate "2023.10.10"]
[SourceVersion "1"]
[SourceVersionDate "2023.10.10"]
[SourceQuality "1"]

1. Nf3 d5 2. g3 Nf6 3. Bg2 c5 4. 0-0 Nc6 5. d4 e6 6. b3 Be7 7. Bb2 0-0 8. dxc5 Bxc5 9. c4 Be7 10. cxd5 Nxd5 11. a3 Bf6 12. Ra2 Bxb2 13. Rxb2 Qe7 14. b4 b5 15. Nd4 Nxd4 16. Bxd5 exd5 17. Qxd4 Be6 18. Nc3 Qb7 19. Rd1 Rfb8 20. Rbd2 g6 21. Nxd5 Bxd5 22. Qxd5 Qxd5 23. Rxd5 a5 24. R1d4 axb4 25. axb4 Ra1+ 26. Kg2 Rb7 27. g4 Rb1 28. h4 f6 29. e3 Rb2 30. Rd6 Kg7 31. Rf4 g5 32. Rfxf6 Rxb4 33. h5 Rf7 34. h6+ Kf8 35. Kg3 Rb2 36. Rb6 b4 37. Rf5 Rxf5 38. gxf5 Kf7 39. f4 gxf4+ 40. Kxf4 Rh2 41. e4 b3 42. Rb7+ Kg8 43. Kg5 b2 44. e5 Kf8 45. e6 Ke8 46. Kf6 Rxh6+ 47. Ke5 1-0

[Event "BIH-chT1 30th"]
[Site "Gorazde"]
[Date "2023.08.28"]
[Round "4.3"]
[White "Dizdarevic, Emir"]
[Black "Runic, Zoran"]
[Result "1/2-1/2"]
[WhiteElo "2362"]
[BlackElo "2263"]
[PlyCount "36"]
[EventDate "2023.08.26"]
[EventType "team-tourn"]
[EventRounds "9"]
[EventCountry "BIH"]
[SourceTitle "EXT 2024"]
[Source "ChessBase"]
[SourceDate "2023.10.10"]
[SourceVersion "1"]
[SourceVersionDate "2023.10.10"]
[SourceQuality "1"]

1. d4 d5 2. Nf3 Nf6 3. c4 c6 4. e3 g6 5. Nc3 Bg7 6. Bd3 0-0 7. 0-0 Bg4 8. h3 Bxf3 9. Qxf3 e6 10. Rd1 Nbd7 11. Qe2 Re8 12. Bd2 e5 13. dxe5 Nxe5 14. cxd5 Nxd5 15. Nxd5 Nxd3 16. Bc3 Ne5 17. Nf4 Qe7 18. Nd3 Nxd3 1/2-1/2

[Event "Bijeljina 2nd"]
[Site "Bijeljina"]
[Date "2022.12.13"]
[Round "1"]
[White "Dizdarevic, Emir"]
[Black "Sedlak, Nikola"]
[Result "1/2-1/2"]
[WhiteElo "2356"]
[BlackElo "2484"]
[PlyCount "22"]
[EventDate "2022.12.13"]
[EventType "tourn"]
[EventRounds "2"]
[EventCountry "BIH"]
[EventCategory "6"]
[SourceTitle "EXT 2024"]
[Source "ChessBase"]
[SourceDate "2023.10.10"]
[SourceVersion "1"]
[SourceVersionDate "2023.10.10"]
[SourceQuality "1"]

1. Nf3 d5 2. e3 Nf6 3. c4 c6 4. Nc3 e6 5. b3 Nbd7 6. d4 Bb4 7. Bd2 0-0 8. Bd3 Qe7 9. 0-0 b6 10. Qc2 Bb7 11. e4 Bxc3 1/2-1/2

[Event "Bijeljina 1st"]
[Site "Bijeljina"]
[Date "2022.12.12"]
[Round "7"]
[White "Dizdarevic, Emir"]
[Black "Aarav, Dengla"]
[Result "1/2-1/2"]
[WhiteElo "2356"]
[BlackElo "2357"]
[PlyCount "43"]
[EventDate "2022.12.09"]
[EventType "tourn"]
[EventRounds "9"]
[EventCountry "BIH"]
[EventCategory "6"]
[SourceTitle "CBM 211 Extra"]
[Source "ChessBase"]
[SourceDate "2023.01.31"]
[SourceVersion "1"]
[SourceVersionDate "2023.01.31"]
[SourceQuality "1"]

1. d4 d5 2. c4 c6 3. cxd5 cxd5 4. Nc3 Nf6 5. Nf3 Nc6 6. Bf4 a6 7. e3 Bg4 8. Qb3 Bxf3 9. gxf3 Na5 10. Qa4+ Nc6 11. Qb3 Na5 12. Qa4+ Nc6 13. Qb3 Ra7 14. Bd3 e6 15. Rc1 Bd6 16. Bg3 0-0 17. 0-0 Na5 18. Qc2 Nc6 19. Qe2 Ra8 20. Na4 Rc8 21. Nc5 Bxc5 22. Rxc5 1/2-1/2

[Event "Sarajevo Bosna op 51st"]
[Site "Sarajevo"]
[Date "2022.12.05"]
[Round "5"]
[White "Dizdarevic, Emir"]
[Black "Runic, Zoran"]
[Result "1-0"]
[WhiteElo "2356"]
[BlackElo "2279"]
[PlyCount "67"]
[EventDate "2022.12.02"]
[EventType "swiss"]
[EventRounds "7"]
[EventCountry "BIH"]
[SourceTitle "CBM 211 Extra"]
[Source "ChessBase"]
[SourceDate "2023.01.31"]
[SourceVersion "1"]
[SourceVersionDate "2023.01.31"]
[SourceQuality "1"]

1. Nf3 Nf6 2. b3 d5 3. Bb2 Bf5 4. Nh4 Bg6 5. g3 e6 6. Bg2 Nbd7 7. d3 c6 8. Nd2 Be7 9. 0-0 a5 10. Nxg6 hxg6 11. c4 Qb6 12. Rb1 d4 13. Bc1 c5 14. a3 Ne5 15. Nf3 Nc6 16. Ne1 Qc7 17. Bf4 Bd6 18. Bd2 0-0 19. Nc2 Nd7 20. e3 dxe3 21. Bxe3 e5 22. Bd2 Rae8 23. Ne3 b6 24. Nd5 Qa7 25. h4 Nd4 26. h5 gxh5 27. Qxh5 f5 28. Bc3 Rf7 29. Bxd4 cxd4 30. b4 axb4 31. axb4 Nf8 32. Ra1 Qb8 33. Ra6 g6 34. Qh6 1-0

[Event "SRB-chT 1st League CS"]
[Site "Banja Vrujci"]
[Date "2022.10.08"]
[Round "10.2"]
[White "Tomic, Aleksandar1111"]
[Black "Dizdarevic, Emir"]
[Result "1/2-1/2"]
[WhiteElo "2352"]
[BlackElo "2378"]
[PlyCount "22"]
[EventDate "2022.10.01"]
[EventType "team-tourn"]
[EventRounds "11"]
[EventCountry "SRB"]
[SourceTitle "CBM 210 Extra"]
[Source "ChessBase"]
[SourceDate "2022.11.30"]
[SourceVersion "1"]
[SourceVersionDate "2022.11.30"]
[SourceQuality "1"]
[WhiteTeam "Jagodina Kablovi"]
[BlackTeam "Kraljevo Sloga"]
[WhiteTeamCountry "SRB"]
[BlackTeamCountry "SRB"]

1. Nf3 d5 2. d4 e6 3. Bf4 c5 4. e3 cxd4 5. exd4 Ne7 6. c3 Ng6 7. Bg3 Bd6 8. Qc2 Nc6 9. Bd3 Nf4 10. 0-0 Nxd3 11. Qxd3 Be7 1/2-1/2

[Event "SRB-chT 1st League CS"]
[Site "Banja Vrujci"]
[Date "2022.10.05"]
[Round "6.4"]
[White "Ozsakallioglu, Okan"]
[Black "Dizdarevic, Emir"]
[Result "1/2-1/2"]
[WhiteElo "2178"]
[BlackElo "2378"]
[PlyCount "24"]
[EventDate "2022.10.01"]
[EventType "team-tourn"]
[EventRounds "11"]
[EventCountry "SRB"]
[SourceTitle "CBM 210 Extra"]
[Source "ChessBase"]
[SourceDate "2022.11.30"]
[SourceVersion "1"]
[SourceVersionDate "2022.11.30"]
[SourceQuality "1"]
[WhiteTeam "Valjevo Krusik"]
[BlackTeam "Kraljevo Sloga"]
[WhiteTeamCountry "SRB"]
[BlackTeamCountry "SRB"]

1. e4 c6 2. d4 d5 3. Nc3 e6 4. Nf3 Bb4 5. Bd3 dxe4 6. Bxe4 Nf6 7. Bd3 c5 8. a3 Bxc3+ 9. bxc3 Qc7 10. 0-0 c4 11. Be2 Nd5 12. Bd2 f6 1/2-1/2